| 000 | 00527cam a2200205 4500 | ||
|---|---|---|---|
| 008 | 000000n2000 000 0 eng u | ||
| 020 | _a1860813550 | ||
| 035 | _a(Sirsi) u105329 | ||
| 050 | _a697.92 | ||
| 100 | _aStephen, Roger | ||
| 110 | _aBuilding Research Establishment | ||
| 245 | _aAirtightness in UK dwellings. | ||
| 260 |
_aLondon _bCRC _c2000 |
||
| 300 | _a8p. ; 30cm. | ||
| 490 |
_aInformation Paper _v1/00 |
||
| 650 | _aAIR LEAKAGE | ||
| 650 | _aVENTILATION | ||
| 690 | _aBUILT ENVIRONMENT | ||
| 942 | _n0 | ||
| 999 |
_c100362 _d100362 |
||